| 000 | 00585nam a2200193Ia 4500 | ||
|---|---|---|---|
| 005 | 20250508162029.0 | ||
| 008 | 008 250505s9999 xx 000 0 eng d | ||
| 037 | _aDissertations | ||
| 040 |
_aFEDL _beng _cFEDL |
||
| 041 |
_aeng _2eng |
||
| 084 |
_a540.7, TAR/DI _qFEDL |
||
| 100 |
_aTariq Mohammad _9772104 |
||
| 245 | 0 | _aInductive versus deductive approach in programming chemistry at secondary school level | |
| 260 | _c1980 | ||
| 300 | _a86p. | ||
| 546 | _aM. Ed. Dissertation (Delhi University | ||
| 942 |
_cDIS _h540.7, TAR/DI |
||
| 999 |
_c1373940 _d1373940 |
||